Statistiques concernant Devine le footballeur a partir des transferts #3 INSTA : manu._.adr

Cliquez ici pour prendre le quiz!

Statistiques générales

  • Ce quiz a été pris 301 fois
  • Le résultat moyen est 6 sur 8

Statistiques - réponses

Réponse% Correct
Eduardo Camavinga
95%
Gonçalo Ramos
83%
Gareth Bale
79%
Yann Sommer
76%
Arjen Robben
75%
Kepa Arrizabalaga
69%
Rodrigo De Paul
61%
Lee Kang-in
57%

Distribution des résultats

Percentile par nombre de réponses

% des personnes avec chaque résultat

Votre développement - résultats

Vous n’avez pas pris ce quiz